Best Melbourne Local Footy Leagues - Statistics

General Stats
  • This quiz has been taken 10 times
  • The average score is 4 of 7
Answer Stats
Hint Answer % Correct
1 Eastern Football League
88%
4 Northern Football League
75%
2 VAFA
75%
6 Southern Football League
50%
3 Western Football League
50%
5 Outer East Football League
25%
7 Riddell district
0%
No matching quizzes found
Score Distribution
Percent of People with Each Score
Percentile by Number Answered
Your Score History
You have not taken this quiz